| 000 | 00898nam0a22002651 4500 | ||
|---|---|---|---|
| 001 | rc\4505884 | ||
| 005 | 20130416174256.3 | ||
| 021 |
_aRU _bРг3575-58 |
||
| 035 | _a(NLR Aleph) 008345046 | ||
| 090 |
_a8901191 _c8901191 |
||
| 100 | _a20130416d1958 |||y0rusy50 ca | ||
| 101 | 0 | _arus | |
| 102 | _aRU | ||
| 105 | _aa z ||||| | ||
| 200 | 1 |
_aМетод и машина для исследования механических свойств поверхностей трения _fКиевск. ин-т гражданск. воздуш. флота |
|
| 210 |
_a[Киев] _cБ. и. _d1958 |
||
| 215 |
_a16 с. _cил. _d22 |
||
| 320 | _aБиблиогр.: с. 15 | ||
| 700 | 1 |
_aКостецкий _bБ. И. _f1910- _gБорис Иванович |
|
| 701 | 1 |
_aГолего _bН. Л. |
|
| 801 | 0 |
_aRU _bNLR _gpsbo |
|
| 801 | 1 |
_aRU _bELAR _2rusmarc |
|
| 852 |
_aNLR _j58-6/4470 |
||
| 942 | _cBOOK | ||
| 980 | _aNB | ||